[Event "Deutsche Einzelmeisterschaft 2012"]
[Date "2012.03.05"]
[Round "4.13"]
[Board "13"]
[White "Kabisch, Thilo"]
[Black "Jorczik, Julian"]
[Result "1-0"]
[WhiteClock "00:15:01"]
[BlackClock "00:01:03"]
[WhiteElo "2319"]
[BlackElo "2391"]
[PlyCount "114"]

1. e4 e6 2. d4 d5 3. e5 c5 4. c3 Nc6 5. Nf3 Bd7 6. Be2 Nge7 
7. O-O Ng6 8. Be3 Qb6 9. b3 Rc8 10. a3 cxd4 11. cxd4 Be7 12. b4 f6 
13. exf6 Bxf6 14. Qd3 O-O 15. Nbd2 Qc7 16. Nb3 b6 17. Rac1 Nf4 18. Bxf4 Qxf4 
19. Qe3 Qd6 20. Ba6 Rc7 21. Qc3 Bd8 22. Rfe1 Na5 23. Qd3 Nxb3 24. Qxb3 b5 
25. Ne5 Be8 26. Rxc7 Bxc7 27. Qc3 Bd8 28. Bc8 Bb6 29. g3 Kh8 30. f4 Bh5 
31. Kg2 Bxd4 32. Qxd4 Rxc8 33. Qxa7 d4 34. Rc1 Qd5+ 35. Kh3 Ra8 36. Rc6 Qxc6 
37. Nxc6 Rxa7 38. Nxa7 d3 39. Nxb5 d2 40. Nc3 d1=Q 41. Nxd1 Bxd1 42. b5 Kg8 
43. b6 Bf3 44. g4 Kf7 45. Kg3 Bd5 46. h4 Ke7 47. h5 Kd6 48. h6 gxh6 
49. a4 Kc6 50. a5 h5 51. f5 hxg4 52. f6 e5 53. Kxg4 Be6+ 54. Kf3 Bd5+ 
55. Kg4 Be6+ 56. Kf3 h5 57. Ke4 Kd6 1-0

[Event "Deutsche Einzelmeisterschaft 2012"]
[Date "2012.03.05"]
[Round "4.14"]
[Board "14"]
[White "Ohme, Melanie"]
[Black "Tabatt, Hendrik"]
[Result "1-0"]
[WhiteClock "00:19:43"]
[BlackClock "00:39:00"]
[WhiteElo "2387"]
[BlackElo "2296"]
[PlyCount "87"]

1. e4 e5 2. Bc4 Nf6 3. d4 exd4 4. Nf3 Nc6 5. O-O Nxe4 6. Re1 d5 
7. Bxd5 Qxd5 8. Nc3 Qa5 9. Nxe4 Be6 10. Neg5 O-O-O 11. Nxe6 fxe6 12. Rxe6 Bd6 
13. Bg5 Rde8 14. Qe1 Qxe1+ 15. Raxe1 Kd7 16. R6e2 Rxe2 17. Rxe2 Re8 18. Rxe8 Kxe8 
19. Kf1 Kd7 20. Bd2 h6 21. Ke2 Ke6 22. Kd3 Kd5 23. Nxd4 Nxd4 24. c4+ Ke5 
25. f4+ Kf5 26. Kxd4 Bxf4 27. Bxf4 Kxf4 28. Kd5 Kf5 29. b4 Kf6 30. c5 Ke7 
31. b5 Kd7 32. c6+ bxc6+ 33. bxc6+ Ke7 34. Ke5 h5 35. g3 g6 36. h3 Kf7 
37. g4 h4 38. g5 Ke7 39. Kd5 Kf7 40. Ke5 Ke7 41. a3 Kf7 42. a4 Ke7 
43. Kd5 Kf7 44. Kc5 1-0

[Event "Deutsche Einzelmeisterschaft 2012"]
[Date "2012.03.05"]
[Round "4.15"]
[Board "15"]
[White "Mueller, Oliver"]
[Black "Schulz, Karsten"]
[Result "0-1"]
[WhiteClock "00:00:00"]
[BlackClock "00:00:00"]
[WhiteElo "2327"]
[BlackElo "2289"]
[PlyCount "128"]

1. e4 e6 2. d4 b6 3. Nf3 Bb7 4. Bd3 g6 5. Nc3 Bg7 6. Be3 d6 
7. Qd2 h6 8. O-O Nd7 9. h3 Ne7 10. Rfe1 g5 11. Ne2 Nf6 12. Ng3 d5 
13. e5 Ne4 14. Bxe4 dxe4 15. Nh2 f5 16. exf6 Bxf6 17. Nh5 Nf5 18. Ng4 Bxd4 
19. Bxd4 Qxd4 20. Qxd4 Nxd4 21. Ngf6+ Ke7 22. Rad1 Rad8 23. c3 Ne2+ 24. Kh2 Rxd1 
25. Rxd1 Rd8 26. Rxd8 Kxd8 27. Ng4 Nc1 28. Nxh6 Ke7 29. Kg3 Nxa2 30. Kg4 e3 
31. fxe3 Bxg2 32. Kxg5 Bxh3 33. Nf4 Bf1 34. Ng8+ Kd6 35. Kf6 a5 36. Nh6 a4 
37. Nf7+ Kc5 38. Nxe6+ Kc4 39. Nxc7 Nxc3 40. Nd6+ Kc5 41. Ke5 Nd1 42. Nd5 Kc6 
43. Ne4 Nxb2 44. Kd4 Bg2 45. Nec3 Bxd5 46. Nxd5 b5 47. e4 Nc4 48. Nc3 Nd2 
49. Na2 Kb6 50. e5 Nb3+ 51. Kd5 Nc5 52. Nb4 a3 53. Kd4 Ne6+ 54. Kd5 Ng5 
55. Kd4 Ka5 56. Kc3 Ka4 57. Nd3 Ne6 58. Nb4 Nd4 59. Nd5 Nc6 60. e6 b4+ 
61. Nxb4 Nxb4 62. Kd2 Nd5 63. Kc2 Kb4 64. Kb1 Kb3 0-1

[Event "Deutsche Einzelmeisterschaft 2012"]
[Date "2012.03.05"]
[Round "4.16"]
[Board "16"]
[White "Meissner, Felix"]
[Black "Bastian, Herbert"]
[Result "1/2-1/2"]
[WhiteClock "00:13:24"]
[BlackClock "00:06:29"]
[WhiteElo "2258"]
[BlackElo "2343"]
[PlyCount "77"]

1. e4 c5 2. Nf3 a6 3. c3 Nf6 4. e5 Nd5 5. d4 cxd4 6. cxd4 e6 
7. Bd3 d6 8. O-O Nc6 9. Re1 Ndb4 10. Bg5 Be7 11. Bxe7 Qxe7 12. Bc4 b5 
13. Bb3 Na5 14. a3 Nxb3 15. Qxb3 Nd5 16. Nbd2 O-O 17. Ne4 dxe5 18. dxe5 Bb7 
19. Nd6 Rfd8 20. Rac1 Nf4 21. Qe3 Ng6 22. Nd4 Qd7 23. Nb3 Bd5 24. Nc5 Qe7 
25. f4 Qh4 26. g3 Qg4 27. Nce4 Nh4 28. Rf1 Nf5 29. Nxf5 Qxf5 30. Nd6 Qh3 
31. Rf2 Rd7 32. Qb6 h5 33. Rc3 Qg4 34. Qe3 Rf8 35. Qe2 Qh3 36. Qf1 Qg4 
37. Qe2 Qh3 38. Qf1 Qg4 39. Qe2 1/2-1/2

[Event "Deutsche Einzelmeisterschaft 2012"]
[Date "2012.03.05"]
[Round "4.17"]
[Board "17"]
[White "Donchenko, Alexander"]
[Black "Reipsch, Jens"]
[Result "1-0"]
[WhiteClock "00:19:30"]
[BlackClock "00:02:46"]
[WhiteElo "2309"]
[BlackElo "2217"]
[PlyCount "53"]

1. Nf3 Nf6 2. c4 c5 3. Nc3 Nc6 4. g3 e5 5. Bg2 Be7 6. O-O d6 
7. a3 h5 8. h4 Be6 9. d3 Ng4 10. b4 Nd4 11. Ng5 Bxg5 12. Bxg5 f6 
13. Bd2 g5 14. bxc5 gxh4 15. Ne4 dxc5 16. f3 Nh6 17. gxh4 Ndf5 18. Qe1 Rg8 
19. Kh2 b6 20. Bh3 Ke7 21. a4 Qd4 22. Qf2 Rg6 23. a5 Qd8 24. Rg1 Rxg1 
25. Qxg1 Qh8 26. axb6 Rc8 27. Rxa7+ 1-0

[Event "Deutsche Einzelmeisterschaft 2012"]
[Date "2012.03.05"]
[Round "4.19"]
[Board "19"]
[White "Mueller, Michael"]
[Black "Rolle, Eric"]
[Result "1/2-1/2"]
[WhiteClock "00:05:50"]
[BlackClock "00:08:03"]
[WhiteElo "2308"]
[BlackElo "2198"]
[PlyCount "119"]

1. d4 Nf6 2. Nf3 c5 3. c3 cxd4 4. cxd4 d5 5. Nc3 Nc6 6. Qb3 e6 
7. Bf4 Bd6 8. Bg3 O-O 9. e3 a6 10. a4 Qe7 11. Be2 Nd7 12. Rc1 Na5 
13. Qa2 b6 14. O-O Bb7 15. Rc2 Nc6 16. Rd2 Bxg3 17. hxg3 b5 18. Bd3 b4 
19. Ne2 Rfc8 20. a5 Qd6 21. Ra1 Rab8 22. Nc1 e5 23. dxe5 Ncxe5 24. Nb3 Nxf3+ 
25. gxf3 Ne5 26. Nd4 Qf6 27. Kg2 Nc4 28. Re2 Rc5 29. Qb3 Bc8 30. Qa4 Kf8 
31. Nb3 Rc7 32. Nd4 Rc5 33. Qd1 Bd7 34. b3 Ne5 35. Rc2 Rxc2 36. Bxc2 Rc8 
37. Rc1 h5 38. Bb1 Qd8 39. Rxc8 Qxc8 40. Qe2 Nc6 41. Qd2 Qb7 42. Nxc6 Bxc6 
43. Qd4 Qb5 44. Qe5 g6 45. Qf6 Kg8 46. Bc2 Bb7 47. Qe5 Bc6 48. Qd6 Be8 
49. Qd8 Kg7 50. e4 dxe4 51. Bxe4 h4 52. gxh4 Qe5 53. Qb6 Bb5 54. Qe3 Qa1 
55. h5 gxh5 56. Qg5+ Kf8 57. Qc5+ Kg7 58. Qg5+ Kf8 59. Qc5+ Kg7 60. Qg5+ 1/2-1/2

[Event "Deutsche Einzelmeisterschaft 2012"]
[Date "2012.03.05"]
[Round "4.20"]
[Board "20"]
[White "Koehler, Gerhard, Dr."]
[Black "Bartsch, Berthold"]
[Result "1/2-1/2"]
[WhiteClock "00:23:00"]
[BlackClock "00:31:00"]
[WhiteElo "2122"]
[BlackElo "2284"]
[PlyCount "99"]

1. c4 e5 2. g3 Nc6 3. Bg2 d6 4. Nc3 g6 5. d3 Bg7 6. e3 Be6 
7. Nd5 Qd7 8. Rb1 Nd8 9. b3 c6 10. Nc3 h5 11. Ne4 c5 12. h4 Nc6 
13. a3 Nf6 14. Ne2 Nxe4 15. dxe4 O-O-O 16. Nc3 Bf6 17. Nd5 Be7 18. b4 Rdg8 
19. Bf3 g5 20. hxg5 Bg4 21. Nf6 Bxf6 22. gxf6 Qe6 23. Be2 h4 24. gxh4 Bxe2 
25. Qxe2 Qxf6 26. h5 Rg2 27. Bd2 Rhg8 28. Rf1 Rg1 29. Kd1 Rxf1+ 30. Qxf1 Qf3+ 
31. Kc2 Qxe4+ 32. Qd3 Qh4 33. Qf5+ Kb8 34. Qxf7 Qe4+ 35. Kb2 Rc8 36. Rg1 Qd3 
37. Bc3 cxb4 38. axb4 a5 39. bxa5 Nxa5 40. Bxa5 Rxc4 41. Bc7+ Rxc7 42. Rg8+ Rc8 
43. Rxc8+ Kxc8 44. h6 Qd2+ 45. Kb3 Qd3+ 46. Ka2 Qc2+ 47. Ka3 Qd3+ 48. Qb3 Qg6 
49. Qc4+ Kd7 50. Qh4 1/2-1/2

[Event "Deutsche Einzelmeisterschaft 2012"]
[Date "2012.03.05"]
[Round "4.21"]
[Board "21"]
[White "Schuetze, Norman"]
[Black "Maehrlein, Christoph"]
[Result "1/2-1/2"]
[WhiteClock "00:01:20"]
[BlackClock "00:01:38"]
[WhiteElo "2258"]
[BlackElo "2134"]
[PlyCount "136"]

1. e4 d6 2. d4 Nf6 3. Nc3 g6 4. h3 Bg7 5. Nf3 O-O 6. Be2 Nc6 
7. O-O e5 8. Be3 a6 9. Re1 Bd7 10. Bf1 Re8 11. dxe5 dxe5 12. Qe2 Qc8 
13. Rad1 Nh5 14. Nd5 Nf4 15. Bxf4 exf4 16. c3 Be6 17. Qd2 Bxd5 18. exd5 Ne5 
19. Qxf4 Nxf3+ 20. Qxf3 Qd7 21. Qf4 Bf8 22. Qd4 Rad8 23. Rxe8 Rxe8 24. a3 Bd6 
25. g3 Qf5 26. Qd3 Qf6 27. Kg2 Bc5 28. Qf3 Qxf3+ 29. Kxf3 Re5 30. Rd2 Kg7 
31. b4 Bd6 32. a4 Re1 33. Be2 Rc1 34. Rd3 a5 35. bxa5 Ra1 36. Bd1 Ra3 
37. Ke4 f5+ 38. Kd4 Kf6 39. f4 Ra2 40. h4 h6 41. Bb3 Rb2 42. Bd1 g5 
43. fxg5+ hxg5 44. Kc4 g4 45. Re3 Rg2 46. Re8 Rxg3 47. Rb8 Be5 48. Rxb7 Rxc3+ 
49. Kb4 Rc1 50. a6 Bd4 51. d6 cxd6 52. Bb3 Rc6 53. Rf7+ Kg6 54. h5+ Kg5 
55. Be6 Rxa6 56. Rxf5+ Kh6 57. a5 g3 58. Bd5 Ra7 59. Kc4 Be5 60. Kb5 Rc7 
61. Kb6 Rc2 62. a6 g2 63. Bxg2 Rxg2 64. a7 Ra2 65. Kb7 Rb2+ 66. Ka6 Ra2+ 
67. Kb7 Rb2+ 68. Ka6 Ra2+ 1/2-1/2

[Event "Deutsche Einzelmeisterschaft 2012"]
[Date "2012.03.06"]
[Round "5.1"]
[Board "1"]
[White "Fridman, Daniel"]
[Black "Huschenbeth, Niclas"]
[Result "1/2-1/2"]
[WhiteClock "00:15:56"]
[BlackClock "00:08:27"]
[WhiteElo "2653"]
[BlackElo "2509"]
[PlyCount "69"]

1. c4 e5 2. g3 Nf6 3. Bg2 c6 4. d4 e4 5. Nc3 d5 6. cxd5 cxd5 
7. Bg5 Bb4 8. Qb3 Bxc3+ 9. Qxc3 O-O 10. Nh3 Nbd7 11. O-O h6 12. Bf4 Re8 
13. Rac1 Nf8 14. Bc7 Qe7 15. f3 Ng6 16. Qb3 Bf5 17. Nf4 Nxf4 18. Bxf4 exf3 
19. exf3 Rac8 20. Be5 b6 21. g4 Be6 22. Qd3 Nd7 23. Bf4 Nf8 24. Rxc8 Rxc8 
25. Rc1 Rxc1+ 26. Bxc1 g5 27. h4 Ng6 28. hxg5 hxg5 29. Qe3 Nf4 30. Qe5 Nxg2 
31. Bxg5 Ne1 32. Bxe7 Nxf3+ 33. Kf2 Nxe5 34. dxe5 Bxg4 35. Ke3 1/2-1/2

[Event "Deutsche Einzelmeisterschaft 2012"]
[Date "2012.03.06"]
[Round "5.2"]
[Board "2"]
[White "Siebrecht, Sebastian"]
[Black "Khenkin, Igor"]
[Result "0-1"]
[WhiteClock "00:18:55"]
[BlackClock "00:17:48"]
[WhiteElo "2463"]
[BlackElo "2632"]
[PlyCount "100"]

1. c4 b6 2. Nc3 Bb7 3. e4 e6 4. Nge2 Nf6 5. d3 d5 6. cxd5 exd5 
7. e5 Nfd7 8. d4 c5 9. f4 Nc6 10. Be3 cxd4 11. Nxd4 Nxd4 12. Bxd4 Bc5 
13. Bb5 O-O 14. Bxd7 Qxd7 15. O-O Rac8 16. Rf2 Bxd4 17. Qxd4 Rc4 18. Qd3 Rfc8 
19. Re1 d4 20. f5 Qc6 21. Ne4 Rc1 22. Rfe2 Qa4 23. f6 Qb4 24. Qg3 g6 
25. Nd6 d3 26. Nxc8 d2 27. Ne7+ Kf8 28. Rxd2 Qxd2 29. Rxc1 Qxc1+ 30. Kf2 Qd2+ 
31. Kg1 Qc1+ 32. Kf2 Qxb2+ 33. Ke3 Qxa2 34. Qf4 Qxg2 35. e6 fxe6 36. Nxg6+ hxg6 
37. Qd6+ Kg8 38. Qd8+ Kh7 39. Qe7+ Kh6 40. f7 Qe4+ 41. Kd2 Qd4+ 42. Ke2 Ba6+ 
43. Kf3 Qd3+ 44. Kf4 Qd2+ 45. Kg3 Qe1+ 46. Kf3 Bb7+ 47. Kg4 Qe4+ 48. Kg3 Qf3+ 
49. Kh4 Qf4+ 50. Kh3 Kh5 0-1

[Event "Deutsche Einzelmeisterschaft 2012"]
[Date "2012.03.06"]
[Round "5.3"]
[Board "3"]
[White "Buhmann, Rainer"]
[Black "Becker, Michael"]
[Result "1/2-1/2"]
[WhiteClock "00:14:20"]
[BlackClock "00:10:23"]
[WhiteElo "2614"]
[BlackElo "2301"]
[PlyCount "113"]

1. Nf3 c5 2. c4 Nc6 3. d4 cxd4 4. Nxd4 g6 5. e4 Bg7 6. Be3 Nf6 
7. Nc3 O-O 8. Be2 d6 9. O-O Nxd4 10. Bxd4 Bd7 11. f4 Bc6 12. Bf3 Nd7 
13. Bxg7 Kxg7 14. Qd2 a5 15. Rad1 Qb6+ 16. Kh1 Rad8 17. Rfe1 Qc5 18. b3 Nf6 
19. Re3 Rd7 20. a4 h6 21. Nd5 Bxd5 22. exd5 Re8 23. Rde1 Rc7 24. g4 Qb4 
25. Qd3 Kg8 26. Bd1 b5 27. axb5 a4 28. g5 hxg5 29. f5 axb3 30. Bxb3 Ng4 
31. R1e2 Nxe3 32. fxg6 f5 33. Rxe3 Rf8 34. Qe2 Qa3 35. Rh3 Qa1+ 36. Kg2 Qe5 
37. Qh5 Qb2+ 38. Kf1 Qg7 39. b6 Rc5 40. Qh7+ Qxh7 41. Rxh7 Rb8 42. Ba4 Rxc4 
43. Bd7 Re4 44. Be6+ Rxe6 45. dxe6 Rxb6 46. Rxe7 d5 47. Kg2 d4 48. h4 gxh4 
49. Kh3 d3 50. Kxh4 d2 51. Rd7 Rxe6 52. Kg5 Re7 53. Rxd2 Kg7 54. Rh2 Kg8 
55. Kf6 Ra7 56. Rc2 Ra8 57. Kxf5 1/2-1/2

[Event "Deutsche Einzelmeisterschaft 2012"]
[Date "2012.03.06"]
[Round "5.4"]
[Board "4"]
[White "Kotainy, Jens"]
[Black "Bluebaum, Matthias"]
[Result "1/2-1/2"]
[WhiteClock "00:20:00"]
[BlackClock "00:27:00"]
[WhiteElo "2392"]
[BlackElo "2407"]
[PlyCount "85"]

1. e4 e6 2. d4 d5 3. Nc3 Nf6 4. Bg5 dxe4 5. Nxe4 Be7 6. Bxf6 gxf6 
7. Nf3 a6 8. c4 f5 9. Nc3 Bf6 10. Qd2 c5 11. d5 O-O 12. O-O-O Bg7 
13. h4 exd5 14. Nxd5 Nc6 15. Qc2 b5 16. Kb1 bxc4 17. Bxc4 Rb8 18. Bb3 Qa5 
19. h5 h6 20. Rhe1 Be6 21. Rxe6 fxe6 22. Nf4 Nd8 23. Ng6 Re8 24. Nfe5 Bxe5 
25. Nxe5 c4 26. Nxc4 Qc5 27. Nd6 Qxc2+ 28. Kxc2 Rf8 29. Bc4 a5 30. Rd3 Kh7 
31. Kc3 Rb6 32. Nc8 Rb7 33. Nd6 Rg7 34. g3 Rg5 35. a3 Rxh5 36. b4 axb4+ 
37. axb4 Kg7 38. b5 Kf6 39. f4 Rg8 40. b6 Rh3 41. Nxf5 Kxf5 42. b7 Nxb7 
43. g4+ 1/2-1/2

[Event "Deutsche Einzelmeisterschaft 2012"]
[Date "2012.03.06"]
[Round "5.7"]
[Board "7"]
[White "Vatter, Hans-Joachim"]
[Black "Lubbe, Nikolas"]
[Result "0-1"]
[WhiteClock "00:04:04"]
[BlackClock "00:04:32"]
[WhiteElo "2309"]
[BlackElo "2429"]
[PlyCount "72"]

1. e4 c5 2. c3 d5 3. exd5 Nf6 4. Nf3 Nxd5 5. d4 e6 6. Bd3 cxd4 
7. cxd4 Bb4+ 8. Bd2 Bxd2+ 9. Qxd2 O-O 10. Nc3 Nc6 11. O-O Ncb4 12. Bb1 Nf6 
13. Re1 b6 14. Ne5 Bb7 15. Re3 Nc6 16. Nxc6 Bxc6 17. Rg3 g6 18. Bc2 Qe7 
19. Qg5 Rad8 20. Be4 Bxe4 21. Nxe4 Kg7 22. Rh3 Ng8 23. Qd2 Rd7 24. Re1 Rfd8 
25. Ng5 h6 26. Nf3 Rd5 27. Rh4 f5 28. Rh3 e5 29. Qc3 e4 30. Ne5 Qf6 
31. Qc7+ Ne7 32. f3 Rxd4 33. fxe4 Rc8 34. Qxa7 Qxe5 35. Qxb6 Rb8 36. Qa7 Rxb2 
0-1

[Event "Deutsche Einzelmeisterschaft 2012"]
[Date "2012.03.06"]
[Round "5.8"]
[Board "8"]
[White "Dranischnikov, Egor"]
[Black "Svane, Rasmus"]
[Result "1/2-1/2"]
[WhiteClock "00:54:00"]
[BlackClock "01:01:00"]
[WhiteElo "2327"]
[BlackElo "2401"]
[PlyCount "49"]

1. d4 Nf6 2. c4 e6 3. Nc3 d5 4. cxd5 Nxd5 5. e4 Nxc3 6. bxc3 c5 
7. Nf3 cxd4 8. cxd4 Bb4+ 9. Bd2 Bxd2+ 10. Qxd2 O-O 11. Bc4 Nd7 12. O-O b6 
13. e5 Bb7 14. Qe3 Rc8 15. Bd3 h6 16. Nd2 Qg5 17. Be4 Ba6 18. f4 Qe7 
19. f5 Bxf1 20. f6 gxf6 21. Qg3+ Kh8 22. Qh4 Kg7 23. Qg4+ Kh8 24. Qh4 Kg7 
25. Qg4+ 1/2-1/2

[Event "Deutsche Einzelmeisterschaft 2012"]
[Date "2012.03.06"]
[Round "5.10"]
[Board "10"]
[White "Libeau, Rene Andre"]
[Black "Nuber, Korbinian"]
[Result "1/2-1/2"]
[WhiteClock "00:03:11"]
[BlackClock "00:00:44"]
[WhiteElo "2399"]
[BlackElo "2308"]
[PlyCount "121"]

1. d4 d5 2. Nf3 Nf6 3. e3 e6 4. Bd3 c5 5. b3 cxd4 6. exd4 Nc6 
7. O-O Bd6 8. Bb2 Qc7 9. c4 O-O 10. Nc3 a6 11. c5 Be7 12. Na4 Nd7 
13. Rc1 Bf6 14. Re1 Re8 15. Bb1 Rb8 16. Qd2 g6 17. h4 b6 18. cxb6 Nxb6 
19. Nc5 Nd7 20. h5 Nxc5 21. Rxc5 Bd7 22. Bd3 Rb6 23. Ne5 Qd6 24. Qe3 Bg7 
25. hxg6 fxg6 26. Bc3 Bc8 27. Ng4 Rf8 28. Ne5 Re8 29. a3 Nxe5 30. dxe5 Qb8 
31. b4 Bd7 32. Bd4 Bb5 33. Bc2 Rb7 34. Bd1 Rc7 35. Bg4 Rxc5 36. Bxc5 Bd7 
37. Bd6 Qb5 38. Be2 Qb7 39. Rc1 Rc8 40. Rc5 Rxc5 41. Qxc5 Bb5 42. Bg4 Qd7 
43. f4 h5 44. Bh3 Bh6 45. g3 h4 46. Kg2 d4 47. gxh4 d3 48. Qe3 Qc6+ 
49. Kg3 Kf7 50. Qa7+ Qd7 51. Qd4 Qc6 52. Qa7+ Qd7 53. Qd4 Qc6 54. Bc5 Qh1 
55. Bxe6+ Kxe6 56. Qd6+ Kf7 57. Qf6+ Kg8 58. Qxg6+ Bg7 59. Qe6+ Kh8 60. Qc8+ Kh7 
61. Qf5+ 1/2-1/2

[Event "Deutsche Einzelmeisterschaft 2012"]
[Date "2012.03.06"]
[Round "5.11"]
[Board "11"]
[White "Alber, Horst"]
[Black "Ohme, Melanie"]
[Result "1-0"]
[WhiteClock "00:01:33"]
[BlackClock "00:02:33"]
[WhiteElo "2340"]
[BlackElo "2387"]
[PlyCount "123"]

1. d4 d6 2. Nf3 Bg4 3. c4 Nd7 4. Nc3 Ngf6 5. h3 Bh5 6. g4 Bg6 
7. Nh4 e5 8. Bg2 c6 9. Nxg6 hxg6 10. e3 Nb6 11. b3 Qc7 12. Bd2 Be7 
13. f4 exf4 14. exf4 d5 15. c5 Nbd7 16. O-O Ne4 17. Nxe4 dxe4 18. Qe2 f5 
19. g5 Nf8 20. Be3 Ne6 21. b4 Qd7 22. Qf2 Nc7 23. a4 a5 24. b5 cxb5 
25. axb5 Nxb5 26. d5 Qxd5 27. Qb2 Qd3 28. Rfe1 Qd7 29. Bf1 Nc7 30. Red1 Qc6 
31. Qxg7 Rf8 32. Qe5 Rd8 33. Rxd8+ Kxd8 34. Rd1+ Ke8 35. Rd6 Qa4 36. Rxg6 Qb3 
37. Bf2 Nd5 38. Rg7 e3 39. Bh4 Rf7 40. Rxf7 Kxf7 41. g6+ Kxg6 42. Bxe7 e2 
43. Qe6+ Kg7 44. Qxe2 Qg3+ 45. Kh1 Ne3 46. Bd6 a4 47. Be5+ Kf8 48. Bd4 Nxf1 
49. Qxf1 a3 50. Be5 Qb3 51. Kg2 Qd5+ 52. Qf3 Qd2+ 53. Kg3 Qe1+ 54. Qf2 Qb1 
55. Kh4 Kf7 56. Qd2 a2 57. Qd7+ Kf8 58. Kg5 a1=Q 59. Kf6 Qa6+ 60. Bd6+ Qxd6+ 
61. Qxd6+ Kg8 62. Qd8+ 1-0

[Event "Deutsche Einzelmeisterschaft 2012"]
[Date "2012.03.06"]
[Round "5.13"]
[Board "13"]
[White "Bastian, Herbert"]
[Black "Donchenko, Alexander"]
[Result "0-1"]
[WhiteClock "00:10:53"]
[BlackClock "00:10:06"]
[WhiteElo "2343"]
[BlackElo "2309"]
[PlyCount "149"]

1. e4 c5 2. Nc3 Nc6 3. g3 g6 4. Bg2 Bg7 5. d3 d6 6. Be3 Rb8 
7. Qd2 b5 8. Nf3 b4 9. Nd1 Nd4 10. O-O Bg4 11. Nh4 Nf6 12. c3 bxc3 
13. bxc3 Nc6 14. h3 Bc8 15. f4 Qb6 16. Nf2 Nd7 17. Rac1 Ba6 18. f5 Nde5 
19. Bh6 Bf6 20. Nf3 Qb2 21. Rc2 Qb5 22. Nxe5 Nxe5 23. Rd1 Rg8 24. Bf4 g5 
25. Be3 h5 26. g4 Kd7 27. Qc1 hxg4 28. hxg4 Ke8 29. d4 Nc4 30. e5 dxe5 
31. Ne4 exd4 32. Nxf6+ exf6 33. cxd4 Nxe3 34. Qxe3+ Kf8 35. Rxc5 Qa4 36. Re1 Kg7 
37. Bc6 Qb4 38. Qc3 Rgd8 39. Re4 Qb1+ 40. Re1 Qxa2 41. Ra5 Qc4 42. Qxc4 Bxc4 
43. d5 a6 44. Kf2 Bb5 45. Re4 Kf8 46. Ra2 Rb6 47. Rc2 Rc8 48. Rb4 Ke7 
49. Ke3 Kd6 50. Kd4 Rh8 51. Bxb5 axb5 52. Rc3 Rh4 53. Rg3 Rh1 54. Rd3 Rc1 
55. Ke3 Re1+ 56. Kd2 Re5 57. Rbd4 b4 58. Kc2 Rb5 59. Kb3 Rexd5 60. Kc4 Rxd4+ 
61. Rxd4+ Kc6 62. Kb3 Rb8 63. Rd1 Rb7 64. Rd4 Kc5 65. Rd8 Re7 66. Rc8+ Kd5 
67. Rd8+ Ke4 68. Rd6 Rb7 69. Rc6 Kf3 70. Rc4 Re7 71. Rxb4 Re4 72. Rb6 Kxg4 
73. Rxf6 Re7 74. Kc4 Kf4 75. Kd4 0-1

[Event "Deutsche Einzelmeisterschaft 2012"]
[Date "2012.03.06"]
[Round "5.15"]
[Board "15"]
[White "Reipsch, Jens"]
[Black "Mueller, Oliver"]
[Result "0-1"]
[WhiteClock "00:00:00"]
[BlackClock "00:00:00"]
[WhiteElo "2217"]
[BlackElo "2327"]
[PlyCount "80"]

1. e4 c5 2. Nf3 d6 3. c4 Nc6 4. Nc3 g6 5. Be2 Bg7 6. O-O e6 
7. a3 Nge7 8. Rb1 O-O 9. b4 b6 10. Re1 f5 11. Qc2 Bb7 12. d3 Nd4 
13. Nxd4 cxd4 14. Nd1 Rc8 15. f3 Nc6 16. Nf2 Ne5 17. Qb3 Qd7 18. f4 Nf7 
19. Bf3 e5 20. Bd2 Kh8 21. c5 exf4 22. Bxf4 g5 23. Bd2 g4 24. Bd1 h5 
25. Qa4 b5 26. Qb3 Ne5 27. Rc1 fxe4 28. dxe4 Nc4 29. Rxc4 bxc4 30. Qxc4 dxc5 
31. bxc5 Qf7 32. Qxf7 Rxf7 33. h3 g3 34. Nd3 Rcf8 35. Bxh5 Rf2 36. Rd1 Ba6 
37. Nf4 R2xf4 38. Bxf4 Rxf4 39. c6 Be5 40. Bf3 d3 0-1

[Event "Deutsche Einzelmeisterschaft 2012"]
[Date "2012.03.06"]
[Round "5.16"]
[Board "16"]
[White "Scheider, Julian"]
[Black "Mueller, Michael"]
[Result "1/2-1/2"]
[WhiteClock "00:10:03"]
[BlackClock "00:11:29"]
[WhiteElo "2275"]
[BlackElo "2308"]
[PlyCount "75"]

1. e4 c5 2. Nf3 d6 3. d4 cxd4 4. Nxd4 Nc6 5. Nc3 g6 6. Be3 Bg7 
7. Qd2 Nf6 8. f3 h5 9. O-O-O Bd7 10. Kb1 Rc8 11. h3 h4 12. Nd5 Nh5 
13. Be2 Ng3 14. Rhe1 Rh5 15. Nb5 Nxe2 16. Qxe2 Kf8 17. Nxa7 Ra8 18. Bb6 Qb8 
19. Nb5 Ra6 20. Be3 Nb4 21. Nxb4 Rxb5 22. c3 Ra4 23. a3 Qc7 24. Bd4 Qa5 
25. Bxg7+ Kxg7 26. Qf2 Be6 27. Rd4 f6 28. Kc1 Rc5 29. Kd2 Rg5 30. Re3 Qb5 
31. Kc2 Ra5 32. Rd2 Qc4 33. Qe2 Qb3+ 34. Kc1 Rgc5 35. Qd1 Qc4 36. Qe2 Qb3 
37. Qd1 Qc4 38. Qe2 1/2-1/2

[Event "Deutsche Einzelmeisterschaft 2012"]
[Date "2012.03.06"]
[Round "5.17"]
[Board "17"]
[White "Schindler, Christian"]
[Black "Koehler, Gerhard, Dr."]
[Result "1-0"]
[WhiteClock "00:23:00"]
[BlackClock "00:23:00"]
[WhiteElo "2211"]
[BlackElo "2122"]
[PlyCount "85"]

1. e4 c5 2. c3 e6 3. d4 d5 4. exd5 exd5 5. Nf3 Nc6 6. Bb5 Bd6 
7. dxc5 Bxc5 8. O-O Nge7 9. Nbd2 O-O 10. Nb3 Bd6 11. h3 Bf5 12. Bd3 Qd7 
13. Bxf5 Qxf5 14. Nbd4 Qg6 15. Bg5 Rfe8 16. Bxe7 Rxe7 17. Re1 Rae8 18. Rxe7 Rxe7 
19. Nb5 Rd7 20. Nxd6 Qxd6 21. Nd4 Qf6 22. Qa4 Re7 23. Rd1 h5 24. Nf3 Qf5 
25. Qb3 Rd7 26. Re1 Qf4 27. Rd1 Qe4 28. Qb5 Qf5 29. Qe2 Rd6 30. Nd4 Qg5 
31. Nxc6 bxc6 32. Qe8+ Kh7 33. Qxf7 Rf6 34. Qe7 Qf5 35. Qe3 Rg6 36. Re1 a5 
37. Kh2 Rf6 38. Re2 Qb1 39. a3 a4 40. Qe5 Qg6 41. Qd4 Qg5 42. Qxa4 Rg6 
43. g3 1-0

[Event "Deutsche Einzelmeisterschaft 2012"]
[Date "2012.03.06"]
[Round "5.18"]
[Board "18"]
[White "Maehrlein, Christoph"]
[Black "Riegler, Dieter"]
[Result "0-1"]
[WhiteClock "00:00:00"]
[BlackClock "00:00:00"]
[WhiteElo "2134"]
[BlackElo "2118"]
[PlyCount "92"]

1. d4 Nf6 2. c4 g6 3. Nc3 Bg7 4. e4 d6 5. f4 O-O 6. Nf3 c5 
7. d5 e6 8. Be2 exd5 9. cxd5 Re8 10. e5 dxe5 11. fxe5 Ng4 12. e6 fxe6 
13. d6 Nc6 14. O-O Bd7 15. Ne4 Qb6 16. Nfg5 Nge5 17. Nf6+ Bxf6 18. Rxf6 Rf8 
19. Ne4 Qb4 20. Bf3 Nd4 21. Bh6 Rxf6 22. Nxf6+ Kh8 23. Be4 Bc6 24. a3 Qb6 
25. Kh1 Nf7 26. Be3 Nf5 27. Bxf5 gxf5 28. b4 Qd8 29. Nh5 Qg8 30. Qe2 e5 
31. bxc5 Qg6 32. Bd2 Rg8 33. Rg1 Qe6 34. Bc3 Rg4 35. h3 Re4 36. Qf2 Qg6 
37. Ng3 Rh4 38. Kh2 Nh6 39. Bxe5+ Kg8 40. Qa2+ Kf8 41. Rf1 Ng4+ 42. Kg1 Nxe5 
43. Rxf5+ Nf7 44. Qb2 Qxg3 45. Qh8+ Qg8 46. d7 Rd4 0-1

[Event "Deutsche Einzelmeisterschaft 2012"]
[Date "2012.03.06"]
[Round "5.19"]
[Board "19"]
[White "Tabatt, Hendrik"]
[Black "Meissner, Felix"]
[Result "1/2-1/2"]
[WhiteClock "00:09:02"]
[BlackClock "00:18:35"]
[WhiteElo "2296"]
[BlackElo "2258"]
[PlyCount "133"]

1. e4 c5 2. d3 Nc6 3. Be2 d6 4. f4 g6 5. Nf3 Bg7 6. c3 Nf6 
7. O-O O-O 8. Kh1 c4 9. Na3 cxd3 10. Bxd3 b6 11. Qe1 Bb7 12. Qh4 Qd7 
13. f5 Ne5 14. Bc2 Ba6 15. Nxe5 dxe5 16. Rd1 Qc6 17. fxg6 hxg6 18. Bg5 Rad8 
19. Qe1 Bb7 20. Bxf6 Bxf6 21. Rxd8 Rxd8 22. Rd1 Rxd1 23. Qxd1 Qc5 24. Qe1 Bg5 
25. Bd3 e6 26. Nc2 Kg7 27. Qe2 Bc1 28. Ne1 Qe3 29. Qxe3 Bxe3 30. Nf3 Bc1 
31. b3 f6 32. Kg1 Bb2 33. c4 f5 34. Bc2 Kf6 35. Kf2 Bc1 36. h4 Bc6 
37. g4 Bf4 38. g5+ Kg7 39. Ke2 fxe4 40. Nd2 e3 41. Ne4 Bxe4 42. Bxe4 Bg3 
43. h5 gxh5 44. b4 Bh4 45. g6 Be7 46. a3 a5 47. c5 axb4 48. axb4 bxc5 
49. b5 c4 50. Kxe3 Bc5+ 51. Kf3 Bd4 52. Kg3 Kh6 53. Kh3 c3 54. Kg3 Bb6 
55. Kh3 Bd8 56. Kg3 Kg7 57. Kh3 Kf8 58. Kg3 Ke8 59. Bc6+ Ke7 60. Be4 Kf8 
61. Kh3 Ke8 62. Bc6+ Ke7 63. Be4 Kf8 64. Kg3 h4+ 65. Kg4 Kg7 66. Kh3 Kf8 
67. Kg4 1/2-1/2

[Event "Deutsche Einzelmeisterschaft 2012"]
[Date "2012.03.06"]
[Round "5.20"]
[Board "20"]
[White "Bartsch, Berthold"]
[Black "Jorczik, Julian"]
[Result "0-1"]
[WhiteClock "00:14:42"]
[BlackClock "00:07:13"]
[WhiteElo "2284"]
[BlackElo "2391"]
[PlyCount "70"]

1. c4 e5 2. Nc3 Nc6 3. g3 Bc5 4. Bg2 a6 5. d3 d6 6. Nf3 h6 
7. O-O Nf6 8. a3 O-O 9. b4 Ba7 10. Bb2 Be6 11. Rc1 Qd7 12. Qb3 Ne7 
13. a4 b5 14. Nd2 c6 15. Qa3 d5 16. cxd5 cxd5 17. Nb3 Bh3 18. Nc5 Bxc5 
19. bxc5 Bxg2 20. Kxg2 Qb7 21. Na2 d4+ 22. Kg1 Qd7 23. e4 bxa4 24. c6 Nxc6 
25. Qxa4 Rfc8 26. Kg2 a5 27. Rc4 Nb4 28. Qb3 Rxc4 29. Qxc4 Rc8 30. Qb3 Nxa2 
31. Qxa2 Qb5 32. Qa3 Rc2 33. Bc1 Qc6 34. Bb2 Ng4 35. Kg1 Qf6 0-1